000 00814nam a22002297a 4500
003 OSt
005 20141104130731.0
008 141017b xxu||||| |||| 00| 0 eng d
020 _a978-968-18-6432-3
040 _cBMC
082 _a658.16
082 _a658.15
245 0 0 _aDue diligence
_b: la guía perfecta para fusiones y adquisiciones asociaciones en participación alianzas estratégicas
_cArthur H. Rosenbloom, compilador ; traducción, Alejandra Fulda de Avellano
260 _aMéxico D.F. [etc.]
_bLimusa
_c2007
300 _a432 p.
_c23 cm
490 _aAdministración
595 _aTraducción de: Due Diligence for global deal making
650 2 4 _926833
_aAnálisis financiero
650 2 4 _926702
_aEmpresas
_xTransmisión
700 1 _927726
_aFulda de Avellano, Alejandra
942 _2ddc
_cBK
999 _c14723
_d14723